Asian Geography By Letter - O - Statistics

General Stats
  • This quiz has been taken 31,430 times
    26,967 since last reset
  • The average score is 10 of 18
Answer Stats
Hint Answer % Correct
Yemen's neighbor Oman
100%
Primary export of Saudi Arabia Oil
96%
Turkish empire that dissolved after WWI Ottoman Empire
91%
Great ape found only in Borneo and Sumatra Orangutan
90%
Japan's second largest metro area Osaka
90%
Illegal product which Afghanistan once produced in great amounts Opium
82%
Two-letter Siberian river Ob
80%
Former Istanbul / Paris train route {Orient} Express
77%
Far southern Japanese island where karate was invented Okinawa
61%
Cyprus's highest mountain, it shares its name with the highest mountain in a nearby country Olympus
59%
Region which Russia took from Georgia in 2008 South {Ossetia}
49%
Four-letter city of 1.2 million in Siberia Omsk
37%
Saudi Arabia's "Al-Ahsa" is the world's largest of this type of landform Oasis
33%
In the Bible, Jesus ascended to heaven from this place near Jerusalem Mount of {Olives}
30%
Traditional Japanese bath house built around hot springs Onsen
23%
Type of antelope that is the national animal of Qatar Oryx
19%
Kyrgyzstan's second-largest city, it's name is only three letters long Osh
17%
Singapore's famous shopping street {Orchard} Road
14%
No matching quizzes found
Score Distribution
Percent of People with Each Score
Percentile by Number Answered
Your Score History
You have not taken this quiz since the last reset